Minor House Mottoes of A Song of Ice and Fire Quiz Stats

 Plays Quiz not verified by Sporcle

Score 0/66 Timer 10:00
0 Plays Today
Region Words % Correct
In the NorthWinter is Coming
98.3%
On the Iron IslandsWe Do Not Sow
86.8%
In the CrownlandsFire and Blood
85.8%
In the WesterlandsHear Me Roar
83.8%
In the StormlandsOurs is the Fury
81.9%
In the RiverlandsFamily, Duty, Honor
79.6%
In the ReachGrowing Strong
77.3%
In the ValeAs High as Honor
75.2%
In DorneUnbowed, Unbent, Unbroken
74.4%
In the NorthOur Blades are Sharp
54.8%
In the NorthHere We Stand
53.3%
In the NorthThe Sun of Winter
38.6%
On the Iron IslandsThough All Men Do Despise Us
38.2%
In the ReachWe Light the Way
36.9%
In the ReachFirst in Battle
34%
In the WesterlandsHonor, not Honors
30.8%
In DorneWe Guard the Way
29.8%
In the NorthHoned and Ready
26.9%
In the CrownlandsProud to Be Faithful
26.3%
In the NorthRighteous in Wrath
25.7%
In the WesterlandsAwake! Awake!
25.2%
In the ReachOur Roots Go Deep
23.7%
In the ValeWe Remember
23.5%
In the NorthProud and Free
22.2%
In the RiverlandsAbove the Rest
21.7%
In DorneLet Me Soar
21.2%
In the NorthEver Vigilant
20.7%
In the StormlandsSo End Our Foes
20.7%
In the WesterlandsCome Try Me
20.3%
In the StormlandsRouse Me Not
20.1%
In the StormlandsSet Down Our Deeds
19.6%
In the CrownlandsThe Old, the True, the Brave
19.4%
In the ReachBeware Our Sting
19.3%
Region Words % Correct
In the WesterlandsNone so Fierce
19.1%
In the RiverlandsBrave and Beautiful
18.5%
In the WesterlandsBurning Bright
18.2%
In the ReachBehold Our Bounty
17.6%
In DorneLet It Be Written
17.4%
In the StormlandsNo Song So Sweet
17.3%
In the RiverlandsFrom These Beginnings
16.7%
In DorneNo Foe May Pass
15.8%
In the CrownlandsNone so Wise
15%
In the ReachA Taste of Glory
15%
In the RiverlandsTouch Me Not
14.9%
In the ReachTread Lightly Here
13.6%
In the CrownlandsPride and Purpose
13%
In the ValeWhen All is Darkest
12.8%
In the CrownlandsFor All Seasons
12.6%
In the StormlandsFly High, Fly Far
12.3%
In the StormlandsThe Choice Is Yours
12.1%
In the ValeLight in Darkness
12%
In the StormlandsSound the Charge
11.6%
In the ValeBy Day or Night
11.4%
In the WesterlandsUnflinching
11%
In the WesterlandsTireless
11%
In the RiverlandsWisdom and Strength
10.9%
In the ValeAs Strong as Stone
10.9%
In the WesterlandsI Have No Rival
10.5%
In the ReachWork Her Will
10.5%
In the ReachOur Sun Shines Bright
10.3%
In the WesterlandsTrue to the Mark
10.2%
In the ReachNever Resting
10.1%
In the ReachDeath Before Disgrace
10%
In the ValeRight Conquers Might
9.4%
In the ReachNone So Dutiful
8.9%
In the StormlandsTruth Conquers
8.8%

You're not logged in!

Compare scores with friends on all Sporcle quizzes.
OR
Log In

Show Comments

Extras

Top Quizzes Today


Score Distribution

Your Account Isn't Verified!

In order to create a playlist on Sporcle, you need to verify the email address you used during registration. Go to your Sporcle Settings to finish the process.

Report this User

Report this user for behavior that violates our Community Guidelines.

Details: